NAFTA at 17 : full implementation leads to increased trade and integration /

Bibliographic Details
Main Author: Zahniser, Steven
Corporate Author: United States. Department of Agriculture. Economic Research Service
Other Authors: Roe, Andrew
Format: Government Document eBook
Language:English
Published: [Washington, D.C.] : U.S. Dept. of Agriculture, [2011]
Subjects:
Online Access:https://purl.fdlp.gov/GPO/gpo25219

MARC

Tag First Indicator Second Indicator Subfields
LEADER 00000cam a2200000Ia 4500
001 in00002755430
005 20211120164954.0
006 m o d f
007 cr cn|||||||||
008 120712s2011 dcua obs f000 0 eng d
035 |a (OCoLC)ocn798953711 
040 |a GPO  |c GPO  |d MvI  |d UtOrBLW 
043 |a n------ 
049 |a WWW 
074 |a 0042-T (online) 
086 0 |a A 93.2:T 67/2 
100 1 |a Zahniser, Steven. 
245 1 0 |a NAFTA at 17 :  |b full implementation leads to increased trade and integration /  |c Steven Zahniser ; Andrew Roe. 
246 1 |a North American Free Trade Agreement at seventeen 
264 1 |a [Washington, D.C.] :  |b U.S. Dept. of Agriculture,  |c [2011] 
300 |a 1 online resource (71 pages) :  |b color illustrations 
336 |a text  |b txt  |2 rdacontent 
337 |a computer  |b c  |2 rdamedia 
338 |a online resource  |b cr  |2 rdacarrier 
500 |a Title from title screen (viewed July 12, 2012). 
500 |a "A report from the Economic Research Service." 
500 |a "March 2011." 
504 |a Includes bibliographical references (pages 46-58). 
500 |a "WRS-11-01." 
500 |a Electronic resource. 
630 0 0 |a North American Free Trade Agreement  |d (1992 December 17) 
650 0 |a Agricultural industries  |z North America  |v Statistics. 
650 0 |a Farm produce  |z North America  |x Marketing  |v Statistics. 
650 0 |a International trade  |v Statistics. 
650 0 |a Free trade  |z North America. 
651 0 |a North America  |v Commercial treaties. 
700 1 |a Roe, Andrew. 
710 1 |a United States.  |b Department of Agriculture.  |b Economic Research Service. 
856 4 0 |u https://purl.fdlp.gov/GPO/gpo25219  |t 0 
999 |a MARS 
999 f f |s fcaa19c0-bcb3-379e-99a1-45570eddd8fc  |i be1059e0-7606-3513-8736-67711eec5fef  |t 0 
952 f f |a Texas A&M University  |b College Station  |c Electronic Resources  |d Available Online  |t 0  |e A 93.2:T 67/2  |h Superintendent of Documents classification 
998 f f |a A 93.2:T 67/2  |t 0  |l Available Online